Statistics for Historical periods by picture - prehistory

Click here to take the quiz!

General Stats

  • This quiz has been taken 19 times
  • The average score is 9 of 20

Answer Stats

Answer% Correct
Woolly {mammoth}
88%
Neanderthal
71%
Lucy
65%
Stonehenge
65%
Domestication
59%
Flint
59%
{Neolithic} revolution
53%
Göbekli {Tepe}
47%
{Cave} bear
41%
Cave of {Lascaux}
41%
Ötzi
41%
{Catal} Höyük
35%
Handaxe
35%
Menhir
35%
Venus of {Willendorf}
35%
{Toba} eruption
29%
Dolmen
24%
Jericho
24%
Tumulus
24%
Scraper
18%

Score Distribution

Percentile by Number Answered

Percent of People with Each Score

Your Score History

You have not taken this quiz